000 00508nam a2200181Ia 4500
008 090124s9999 xx 000 0 und d
082 _b9270
_a1082
100 _aकाणेकर अनंत
245 _a पांढरी शिडे
250 _a1
260 _c1957
300 _a449
600 _aकाणेकर अनंत
630 _a पांढरी शिडे
700 _aकाणेकर अनंत
730 _a पांढरी शिडे
942 _cBOOK
999 _c123317
_d123317